00738nam a2200193 a 450000100060000000300060000600500170001200800390002903500320006804000320010004100080013208200220014010000340016224500330019626000460022930000450027550401950032060000290051523544UkOxU20211209000937.0140311r19681952n abc b 001 0beng a(BD-RjUL)23609aocm01556249 aDLCcDZMdSERdBD-RjULbeng aeng a928.286bJOH 19681 aJones, M. G.q(Mary Gwladys).10aHannah More /cby M.G. Jones aNew York :bGreenwood,c[Reprinted 1968]. axi, 284 p. :bill., ports., map ;c23 cm aBibliographical references included in "Notes" (p. 237-271) "Cheap repository tracts ascribed to Hannah More": p. 272-273. "Hannah More's major writings as published in her lifetime": p. 27410aMore, Hannah,d1745-1833